Teorías en torno a la globalización y sus implicaciones para el desarrollo económico latinoamericano /

Đã lưu trong:
Chi tiết về thư mục
Tác giả chính: Torres Fragoso, Jaime
Định dạng: Texto
Các nhãn: Thêm thẻ
Không có thẻ, Là người đầu tiên thẻ bản ghi này!

MARC

LEADER 00000 a a2200000 04500
001 48828
003
040
100 |a Torres Fragoso, Jaime  
245 |a Teorías en torno a la globalización y sus implicaciones para el desarrollo económico latinoamericano /  |c Jaime Torres Fragoso  
773 |g número391, (2015), páginas 32-53 : tablas  
999 |c 19775  |d 19775